00629nam a22001097a 4500040000800000082002900008100005600037245029500093260002600388300001800414856008700432 cRUA aLMA PHA 2023 B1-398 Or.1 aOHAN MENGHOY ផាន់ ម៉េងហ៊ុយ aSTUDY ON LAND MARKET CHANGE IN SANGKAT AT KHMOUNH KHAN SENSOK, PHNOM PENH សិក្សាពីបម្រែបម្រួលទីផ្សារដីធ្លីនៅ សង្កាត់ឈ្មួញ ខណ្ឌសែនសុខ រាជធានីភ្នំពេញ aRUAbPHNOM PENHc2023 aixbillc29cm uhttps://drive.google.com/file/d/1BgfCISQyUrQan3E6Qf3QjHRTlTX2aFFz/view?usp=sharing